Urbino ; la storia di una citta e il piano delia sua evoluzione urbanistica. Promotore del piano urbanistico; l'Amministrazione comunale della cita di Urbino /

Bibliographic Details
Main Author: De Carlo, Giancarlo, 1919-2005
Format: Book
Language:Italian
Published: Padova : Marsilio, [1966]
Subjects:

MARC

Tag First Indicator Second Indicator Subfields
LEADER 00000cam a2200000 4500
001 in00000200086
005 20151009052637.0
008 751124s1966 it abe 00000 ita d
010 |a  67005921  
035 |a (OCoLC)01851860 
035 |9 AAW1466AM 
040 |a DLC  |c FQG  |d TXA  |d UtOrBLW 
049 |a TXAM  |c [478025] 
050 0 0 |a NA9204.U75  |b C3 
082 0 |a 711/.4/0945677 
100 1 |a De Carlo, Giancarlo,  |d 1919-2005. 
245 1 0 |a Urbino ;  |b la storia di una citta e il piano delia sua evoluzione urbanistica. Promotore del piano urbanistico; l'Amministrazione comunale della cita di Urbino /  |c Struttura del volume: Albe Steiner. 
264 1 |a Padova :  |b Marsilio,  |c [1966] 
264 4 |c [©1966] 
300 |a 259 pages :  |b illustrations, maps (folded color), plans. ;  |c 30 cm. 
336 |a text  |b txt  |2 rdacontent 
337 |a unmediated  |b n  |2 rdamedia 
338 |a volume  |b nc  |2 rdacarrier 
500 |a Stamped on t. p.: American distributor: Wittenborn, New York. 
500 |a "English summary": pages [245-259]. 
650 0 |a City planning  |z Italy  |z Urbino. 
650 0 |a Architecture  |z Italy  |z Urbino. 
999 |a MARS 
999 f f |s 818f9e97-f83b-3bb9-bde0-d274f570efdc  |i f1371d49-3032-3667-9fff-09e1dbb68fa7  |t 0 
952 f f |p ric  |a Texas A&M University  |b Rellis Campus  |c Joint Library Facility  |d Remote Storage  |t 0  |e NA9204.U75 C3  |h Library of Congress classification  |i unmediated -- volume  |m A14803452910 
998 f f |a NA9204.U75 C3  |t 0  |l Remote Storage